000 04371nam a22004097a 4500
003 DO-SdBNP
005 20240316073906.0
007 ta
008 220831e 2010|||c|||e |o|| 001 e spa d
020 _a9780773413306
040 _aDO-SdBNP
_bspa
_cBNPHU
041 _hspa
082 4 _222
_a863.64
_bR696f
100 1 _aRodríguez Henríquez, Rafael
_982294
245 1 0 _aFuentes de la imaginación histórica en la narrativa de Marcio Veloz Maggiolo /
_cRafael Rodríguez Henríquez ; prólogo por Malva E. Filer ; traducción Moore Drew
260 _aLewiston, Nueva York :
_bEdwin Mellen Press,
_c2010.
300 _a185 p. ;
_c24 cm.
500 _aIncluye fuentes citadas y consultada.
504 _aBibliografía : p.169 -174.
505 _aI.Introducción
_ga. Vida y obra -- b. El autor y la narrativa dominicana contemporanea -- c. Propuesta de la investigación -- d. Justificación -- e. Memoria e imaginación histórica (segundo capítulo) -- f. Imaginación antropológica y arquelógica( tercer capítulo) -- g. La fenomenología en la búsqueda de una realidad histórica : Lenguaje y la imagen (cuarto capítulo) -- h. Referencialidad histórica y veracidad ( quinto capítulo).
505 _aII. Memoria e imaginación hitórica en la narrativa de Marcio Veloz Maggiolo.
_ga. Planteamiento -- b. Memoria e imaginación y la crítica -- c. Memoria / olvido e imaginación en uña y carne -- d. Memoria y mentira ( olvido) en la obra maggioloana -- e. Vinculación de la memoria y el olvido con la creación literaria -- f. Influencia filosófica y sicológica en los procesos de recordar, olvidar e imaginar -- g. Memoria, ideología e historia -- h. Los restos humanos y la memoria histórica -- i .Música y memoria en la narrativa maggioloana -- j. Memoria, historia y digresión narrativa.
505 _aIII. La imaginación antropólogica y arqueológica en la concepción del pasadoa.
_ga. Introducción -- b. Aproximación antropólogica en la narrativa de Veloz Maggiolo; intercalación de la arqueológía -- c. La condición del hombre (dominicano) en las obras estudiadas -- d. La identidad dominicana -- e. Los mundos mágico-maravillosos de la narrativa maggioloana -- f. El mito en la concepción y construcción de la historia dominicana.
505 _aIV. fenomenología en la búsqueda de una realidad hitórica: el lenguaje y la imagen.
_ga. Propuesta del capítulo -- b. Breve panorama histórico sobre la fenomenología -- c. Fenomenología, literatura y lenguaje -- d. Fenomenología y ficción -- e. Bases para una concepción fenomenológica en la obra de Veloz Maggiolo -- f. El barrio en los días contadosy en materia prima -- g. La mosca soldado: aproximación fenomenológica -- h. Los fenomenológicos en la mosca soldado y la metamorfósis de Kafka -- i. Breve reflexión sobre el objeto fenomenológico en el hombre del acordeón -- j. El lenguaje figurado y la historia.
505 _aV.Referencialidad histórica, veracidad e imaginación.
_ga. Propósito -- b. Nociones generales ( fundamentales)sobre la intertextualidad -- c. Intertextualidad y literatura; la narrativa de Veloz Maggiolo -- d. Materia prima como una corpus intertextual -- e. Uña y carne : manifestaciones y corrientes literarias como fuente intertextuales -- f. Intertextualidad e historia en Veloz Maggiolo y Borge ( breve reflexión) -- g. Referencialidad, magia e historia en el hombre del acordeón -- h. Entramado textual de La mosca soldado -- i. Procedencia de algunas fuentes históricas.
505 _aVI. Conclusiones.
_ga. Generalización sobre la narrativa maggioloana -- b. Memoria e imaginación histórica --c. Sobre la imaginación antropológica y arqueológica -- d. Acerca de la fenomenología, el lenguaje y la imagen -- e. Sobre referencialidad y veracidad.
505 _aVII. Bibliografía .
_ga. Fuentes citadas -- b. Fuentes consultada.
505 _aVIII. índice
590 _aInventariado, 2022 / SA
600 1 0 _aVeloz Maggiolo, Marcio,
_d1936-2021
_xCrítica e interpretación.
_91104
650 4 _927201
_aLiteratura dominicana
650 4 _99734
_aCrítica literaria
650 4 _aNarrativa dominicana
_982296
_vContemporánea
650 4 _aLiteratura e Historia
_927201
700 1 _aFiler, Malva E.,
_epról.
_982297
700 1 _aMoore, Drew,
_etrad.
_982300
942 _2ddc
_cLBS1
999 _c52346
_d52346